00885 a2200181 4500003000500000005001700005040000900022082001600031100002300047245005500070260004000125300001100165505033700176650003400513942001200547999001900559952012500578Nust20221123124232.0 cNust a621.381,ZEI aZeines Ben9103413 aPrinciples of industrial electronics /cBen Zeines aAmericabMcGraw-Hill book co.c1966 av,378p aProcess Controls (Page-1), Gaseous Tubes (Page-9), Semiconductor Devices (Page-40), Industrial Electronic Amplifier (Page-70), Photoelectric Devices (Page-108), Radio – Frequency Heating (Page-149), Electronic Motor Control (Page-195), Servomechanisms (Page-237), Analog Computer (Page-277), Digital Computer Circuits (Page-298).  aTelecommunication Engineering 2ddccBK c190575d190575 00102ddc4070aMCSbMCScGENd2016-12-12o621.381,ZEIpMCS6466r2016-12-08w2016-12-12yBKzAlmirah No.32, Shelf No.1